Introduction to the human body : (Record no. 117659)
[ view plain ]
| 000 -LEADER | |
|---|---|
| fixed length control field | 00641nam a2200205Ia 4500 |
| 008 - FIXED-LENGTH DATA ELEMENTS--GENERAL INFORMATION | |
| fixed length control field | 140529s9999 xx 000 0 und d |
| 020 ## - INTERNATIONAL STANDARD BOOK NUMBER | |
| International Standard Book Number | 9789812532641 |
| 050 ## - LIBRARY OF CONGRESS CALL NUMBER | |
| Classification number | QP 36 |
| Item number | .T638 2007 |
| 100 ## - MAIN ENTRY--PERSONAL NAME | |
| Personal name | Tortora, Gerard J. |
| 245 ## - TITLE STATEMENT | |
| Title | Introduction to the human body : |
| Remainder of title | the essentials of anatomy and the physiology / |
| Statement of responsibility, etc | Gerard J. Tortora, Bryan Derrickson |
| 250 ## - EDITION STATEMENT | |
| Edition statement | 7th ed. |
| 260 ## - PUBLICATION, DISTRIBUTION, ETC. (IMPRINT) | |
| Place of publication, distribution, etc | New York : |
| Name of publisher, distributor, etc | John Wiley, |
| Date of publication, distribution, etc | c2007. |
| 300 ## - PHYSICAL DESCRIPTION | |
| Extent | 611 p. : |
| Other physical details | ill. ; |
| Dimensions | 26 cm. |
| 500 ## - GENERAL NOTE | |
| General note | Includes glossary and index. |
| 521 ## - TARGET AUDIENCE NOTE | |
| Target audience note | |
| 650 ## - SUBJECT ADDED ENTRY--TOPICAL TERM | |
| Topical term or geographic name as entry element | Human physiology. |
| 650 ## - SUBJECT ADDED ENTRY--TOPICAL TERM | |
| Topical term or geographic name as entry element | Physiology. |
| 942 ## - ADDED ENTRY ELEMENTS (KOHA) | |
| Call number prefix | Foreign |
| Koha item type | Books |
| Withdrawn status | Lost status | Damaged status | Home library | Current library | Shelving location | Date acquired | Total Checkouts | Total Renewals | Full call number | Barcode | Date last seen | Date checked out | Price effective from | Koha item type |
|---|---|---|---|---|---|---|---|---|---|---|---|---|---|---|
| College Library | College Library | General Circulation Section | 05/30/2014 | 1 | 2 | QP 36 .T638 2007 | C7214 | 05/15/2018 | 11/28/2016 | 05/30/2014 | Books |